000 01818nam a22004577a 4500
001 000096199
003 CHAP
005 20220329143146.0
008 010920d2006 mx r 00110 spa d
010 _a92665
011 _a93637
035 _a104217
040 _cCHAP
090 _aTesis
100 1 _aAlvarez Alvarez, Emiliano.
_94865
245 1 0 _aEfecto de la condición corporal y la suplementación con proteína no degradable en el rumen sobre las concentraciones séricas de insulina y el desarrollo de folículos antrales en cabras /
_c/por Emiliano Alvarez Alvarez.
260 _aBermejillo, Dgo. :
_bEl autor,
_c2006.
300 _a72 h. :
_bilus.
502 _aTesis (Ing. Agr. en Sistemas Pecuarios de Zonas Aridas) - - UACH. Unidad Regional Universitaria de Zonas Aridas
590 _aALEPH
_b10
_c20130110
_lUCH01
_h1513
590 _aBATCH-UPD
_b10
_c20130110
_lUCH01
_h0751
590 _aBATCH-UPD
_b10
_c20130410
_lUCH01
_h0431
590 _aBATCH-UPD
_b10
_c20130914
_lUCH01
_h0256
590 _aBATCH-UPD
_b10
_c20130914
_lUCH01
_h2145
590 _aBATCH-UPD
_b10
_c20140324
_lUCH01
_h1458
590 _aBATCH-UPD
_b10
_c20141002
_lUCH01
_h0831
590 _aBATCH
_b00
_c20181121
_lUCH01
_h0758
590 _aCONVERSION
_b10
_c20130109
_lUCH01
_h1351
590 _aE5765TAJ
_b10
_c20130530
_lUCH01
_h1119
650 1 4 _aGanado cabrío
_xAnatomía y fisiología.
_944992
650 1 4 _aGanado cabrío
_xComarca Lagunera.
_944998
650 1 4 _aGanado cabrío
_xInvestigación.
_945019
856 _3Finding aid
_uhttp://10.13.5.2/tesis/104217.pdf
_zTeclea aquí
856 _a1
_n0000270
901 _aBK
905 _aElisama A.
942 _cCD
942 _n0
949 _aTesis
_bBC
_cTES
_d00000000104217
_eTS1
_h45456
_i104217
_sb
949 _aTesis
_bBC
_cTES
_d33724000989422
_eTS2
_fc.2
_h45457
_i104217
_sb
999 _c92665
_d92665